|
|
|
|
| LEADER |
00000nam0a2200000 4500 |
| 001 |
248172 |
| 005 |
20231031212348.0 |
| 010 |
|
|
|a 5211000900
|
| 035 |
|
|
|a (RuTPU)RU\TPU\book\269878
|
| 090 |
|
|
|a 248172
|
| 100 |
|
|
|a 20140118d1988 km y0rusy50 ca
|
| 101 |
0 |
|
|a rus
|
| 102 |
|
|
|a RU
|
| 105 |
|
|
|a a z 001zy
|
| 200 |
1 |
|
|a Введение в теорию нелинейных волн
|f С. А. Габов
|
| 210 |
|
|
|a Москва
|c Изд-во МГУ
|d 1988
|
| 215 |
|
|
|a 177 с.
|c ил.
|
| 320 |
|
|
|a Библиогр.: с. 176-177.
|
| 606 |
1 |
|
|a Волны нелинейные
|2 stltpush
|3 (RuTPU)RU\TPU\subj\3576
|
| 610 |
1 |
|
|a гидродинамика
|
| 610 |
1 |
|
|a уравнения Некрасова
|
| 610 |
1 |
|
|a метод Ляпунова
|
| 610 |
1 |
|
|a модуляция
|
| 610 |
1 |
|
|a функции
|
| 610 |
1 |
|
|a функциональный анализ
|
| 610 |
1 |
|
|a операторные уравнения
|
| 610 |
1 |
|
|a рассеяние
|
| 675 |
|
|
|a 532.5
|v 3
|
| 700 |
|
1 |
|a Габов
|b С. А.
|g Сергей Александрович
|
| 801 |
|
1 |
|a RU
|b 63413507
|c 20140118
|
| 801 |
|
2 |
|a RU
|b 63413507
|c 20151105
|g RCR
|
| 942 |
|
|
|c BK
|